Регионална библиотека "Любен Каравелов" - Русе

Катарзис (Запис номер 29827)

MARC детайли
000 -Лидер
Контролно поле с фиксирана дължина 01507nam a2200361 c 4500
003 - Код на организацията, давaща контролен номер
Контролно поле BLK
005 - Дата и час на последна редакция
Контролно поле 20230718131905.0
008 - Елементи от данни с фиксирана дължина
fixed length control field 180407b bul|||||r ||||||| ||bul||
010 ## - Наследен системен номер
LC control number KNG00032452000
040 ## - Източник на каталожния запис
Идентификатор на билиотеката - собственик на записа BLK
041 ## - Код за език
Код за езика на текст/звукозапис или на отделно заглавие Български
Код за езика КДБФ Български
080 ## - УДК
Текстов определител УДК Психоанализа
УДК код - определител по УДК 159.964.2
УДК - код + определител 159.964.2
080 ## - УДК
Текстов определител УДК Ортодоксална психоанализа. Учение на Фройд. Активна психоанализа (по Щекел), нео-психоанализа
УДК код - определител по УДК 615.851.134
УДК - код + определител 615.851.134
100 1# - Редна дума - Автор
Автор Фройд, Зигмунд
Авторска отговорност първи автор
Пълна форма на името психоаналитик
R(LIN) 363413
139 ## - Редно поле
Редна дума Фройд, Зигмунд
Авторски знак Фро - Ф 85
245 10 - Сведения за заглавието
Заглавие Катарзис
Редно поле (дума) Зигмунд Фройд; прев. от нем. Пламен Иванов Градинаров.
257 ## - Страна на издаване
Страна на създаване/издаване Австрия
260 ## - Област на издателските данни
Място на издаване, разпространение и проч. София
Име на издателя, разпространителя и проч. Евразия
Година на издаване 1997
300 ## - Физическа характеристика
Страници 304 с.
Размери/Мащаб 20 см
380 ## - Жанр
Жанр Философия
490 1# - СЕРИИ (Колекции)
Име на серия Imago Mundi
500 ## - Общи забележки
Забележка Загл. на кор. Излекувай душата си с катарзис. - Без сведение за ориг. загл.
650 #4 - Допълнително описание по предмет – тема
Основно описание – тема или топоним Психоанализа
9 (RLIN) 168303
653 ## - Ключова дума – ненормативна
Ключова дума психоанализа
700 1# - Други автори (авторска отговорност)
Лично име Градинаров, Пламен Иванов
Автороска отговорност (Описва отношението между автора и произведението) прев. от нем.
9 (RLIN) 363465
852 ## - Местоположение
Форматна сигнатура Цб 194221
856 4# - Електронен адрес и достъп
Електронен формат pdf - файл
856 4# - Електронен адрес и достъп
Електронен формат pdf - файл
942 ## - АРТИКУЛИ
Вид на библиотечния материал Книги
Скрит в OPAC Не
Koha issues (borrowed), all copies 3
944 ## - СЪЗДАВАНЕ И РЕДАКЦИЯ на ЗАПИСА
Създаване/Редакция Създаване
Дата на регистрацията/редакция 15.01.2003
Служител, извършил регистрацията/редакцията 30529
Статус, дата на статуса Диана Гривева
944 ## - СЪЗДАВАНЕ И РЕДАКЦИЯ на ЗАПИСА
Създаване/Редакция Редакция
Дата на регистрацията/редакция 01.09.2016
Служител, извършил регистрацията/редакцията Геновева_Генчева
999 ## - СИСТЕМНИ КОНТРОЛНИ НОМЕРА
Koha biblionumber 29827
Koha biblioitemnumber 29827
999 ## - СИСТЕМНИ КОНТРОЛНИ НОМЕРА
Koha biblioitemnumber 29827
Наличности
Код за отписване Код за изгубен артикул Източник на класификационната схема Код за повреда Коз за рестрикции Код за отдаване Артикулен № Име на библиотеката - собственик Име на библиотеката, в която се намира в момента Статус (Текущо местоположение) Дата на вписване в системата Местоположение - отдел Цена в лева Инвентарен номер Систематично азбучна сигнатура Баркод Номер на екземпляра Цена в евро Служебна бележка Служебен тип на артикула
  Не е изгубен Universal Decimal Classification Не е повреден без рестрикции ползва се в читалня 47887 Регионална библиотека "Любен Каравелов" Русе Регионална библиотека "Любен Каравелов" Русе Читалня 2001-01-01 Читалня 5.50 632859 Ч 159.9/Ф 85 120000632859 1 2.81 Дата инв: 21.03.2017 Бележки инв: Ч2017 Книги
  Не е изгубен Universal Decimal Classification Не е повреден без рестрикции заемане за дома 47888 Регионална библиотека "Любен Каравелов" Русе Регионална библиотека "Любен Каравелов" Русе Заемна - подръчен фонд 2016-07-11 Заемна - подръчен фонд 16.00 120000802130 П 159.964.2Ф 85-З 120000802130 2 8.18 Дост: DA Вид: А N: 27 Дата: 11.07.2016 Дата инв: 02.02.2018 Бележки инв: П2018 Книги
Vip Innovations Ltd, Rousse, Bulgaria 2025